Statistiques concernant Pays d'Europe avec une carte vierge - 30 secondes sprint

Cliquez ici pour prendre le quiz!

Statistiques générales

  • Ce quiz a été pris 405 fois
  • Le résultat moyen est 17 sur 45

Réponses sur la Carte

Les réponses sont colorées sur une échelle allant du rouge au vert en fonction du pourcentage des utilisateurs qui les ont devinées à leur premier essai. Vous pouvez retrouver ces pourcentages ci-dessous.
 

Statistiques - réponses

Pays% Correct
France
94%
Espagne
83%
Portugal
69%
Irlande
66%
Allemagne
65%
Suède
65%
Russie
62%
Islande
60%
Italie
57%
Norvège
55%
Finlande
54%
Suisse
54%
Royaume-Uni
53%
Andorre
51%
Monaco
51%
Belgique
48%
Pologne
40%
Estonie
38%
Vatican
37%
Pays-Bas
36%
Grèce
35%
Lettonie
35%
Lituanie
35%
Autriche
30%
Slovénie
29%
Ukraine
29%
Malte
27%
Saint-Marin
27%
Albanie
26%
Danemark
26%
Serbie
26%
Croatie
24%
Luxembourg
24%
Biélorussie
23%
Hongrie
20%
Kosovo
20%
Slovaquie
20%
Bosnie-Herzégovine
18%
Liechtenstein
18%
Roumanie
18%
Bulgarie
17%
Macédoine
15%
Moldavie
13%
Tchéquie
13%
Monténégro
11%

Distribution des résultats

Percentile par nombre de réponses

% des personnes avec chaque résultat

Votre développement - résultats

Vous n’avez pas pris ce quiz